[Event "EU-ch (Women) 18th"]
[Site "Riga"]
[Date "2017.04.17"]
[Round "7"]
[White "Kouvatsou, Maria"]
[Black "Kazarian, Anna Maja"]
[Result "1-0"]
[WhiteElo "2016"]
[BlackElo "2257"]
[PlyCount "115"]
[EventDate "2017.04.11"]
[EventType "swiss"]
[EventRounds "11"]
[EventCountry "LAT"]
[SourceTitle "CBM 177 Extra"]
[Source "ChessBase"]
[SourceDate "2017.04.27"]
[SourceVersion "1"]
[SourceVersionDate "2017.04.27"]
[SourceQuality "1"]

1. e4 e6 2. d3 c5 3. Nf3 Nc6 4. g3 d6 5. Bg2 Nf6 6. 0-0 Be7 7. Re1 d5 8. e5 Nd7 9. h4 h6 10. h5 Qc7 11. Bf4 Qb6 12. Qc1 Nf8 13. c4 d4 14. a3 Bd7 15. Nbd2 0-0-0 16. b4 cxb4 17. Ne4 bxa3 18. c5 Qb2 19. Rxa3 Qxc1 20. Rxc1 Kb8 21. Rb1 Bc8 22. Ra4 Nd7 23. Rc4 g5 24. hxg6 fxg6 25. g4 g5 26. Bg3 Ka8 27. Nd6 Bxd6 28. cxd6 Nb6 29. Rc5 Nd5 30. Rb3 Bd7 31. Nd2 Nc3 32. Ne4 Nxe4 33. Bxe4 Rc8 34. Rcb5 Rb8 35. f3 Rhc8 36. Bf2 b6 37. Bxd4 Rb7 38. Bf2 Kb8 39. Kg2 Nd8 40. Bxb7 Kxb7 41. R5b4 Nc6 42. Re4 Na5 43. Ra3 Rc2 44. Kg3 Nc6 45. Re1 Nb4 46. Rh1 a5 47. Rxh6 Nd5 48. Rg6 a4 49. Rxg5 b5 50. Rg7 Kc6 51. g5 Nc3 52. g6 b4 53. Rxd7 bxa3 54. g7 Kxd7 55. g8Q a2 56. Qf7+ Kc6 57. Qc7+ Kb5 58. Qb6# 1-0

[Event "EU-ch (Women) 18th"]
[Site "Riga"]
[Date "2017.04.16"]
[Round "6"]
[White "Zvereva, Margarita"]
[Black "Kouvatsou, Maria"]
[Result "0-1"]
[WhiteElo "1771"]
[BlackElo "2016"]
[PlyCount "110"]
[EventDate "2017.04.11"]
[EventType "swiss"]
[EventRounds "11"]
[EventCountry "LAT"]
[SourceTitle "CBM 177 Extra"]
[Source "ChessBase"]
[SourceDate "2017.04.27"]
[SourceVersion "1"]
[SourceVersionDate "2017.04.27"]
[SourceQuality "1"]

1. e4 e5 2. Nf3 Nc6 3. Bb5 a6 4. Ba4 Nf6 5. 0-0 Be7 6. Re1 b5 7. Bb3 d6 8. c3 0-0 9. h3 Nb8 10. d3 Nbd7 11. Nbd2 c5 12. Nf1 Bb7 13. Ng3 Rc8 14. a4 c4 15. dxc4 bxc4 16. Bc2 Nc5 17. Bg5 Ne6 18. Be3 a5 19. Qe2 Re8 20. Rad1 Qc7 21. Bc1 Bf8 22. Qd2 Nf4 23. Nf5 g6 24. Ng3 Rcd8 25. Bb1 Bc6 26. Qc2 Nd3 27. Re2 Nxc1 28. Qxc1 Bxa4 29. Rde1 h6 30. Bc2 Bd7 31. Qa1 Rb8 32. Ba4 Rb7 33. Bxd7 Nxd7 34. Qa2 Reb8 35. Ra1 Nc5 36. Qxa5 Qxa5 37. Rxa5 Rxb2 38. Rxb2 Rxb2 39. Ra1 Rc2 40. Ra3 Nb3 41. Ra4 Rxc3 42. Kf1 Rc1+ 43. Ke2 Rc2+ 44. Kd1 Rxf2 45. Rxc4 Rxg2 46. Ne2 Rf2 47. Rc3 Rf1+ 48. Kc2 Nc5 49. Nd2 Rf2 50. Kd1 Be7 51. Ke1 Bh4 52. Kd1 Bg5 53. Rc4 Kg7 54. Ke1 Nd3+ 55. Kd1 Nb2+ 0-1

[Event "EU-ch (Women) 18th"]
[Site "Riga"]
[Date "2017.04.14"]
[Round "4"]
[White "Mammadova, Narmin Fazahir Qizi"]
[Black "Kouvatsou, Maria"]
[Result "1-0"]
[WhiteElo "2240"]
[BlackElo "2016"]
[PlyCount "79"]
[EventDate "2017.04.11"]
[EventType "swiss"]
[EventRounds "11"]
[EventCountry "LAT"]
[SourceTitle "CBM 177 Extra"]
[Source "ChessBase"]
[SourceDate "2017.04.27"]
[SourceVersion "1"]
[SourceVersionDate "2017.04.27"]
[SourceQuality "1"]

1. e4 e5 2. Nc3 Nc6 3. Nf3 Nf6 4. h3 d5 5. exd5 Nxd5 6. Bb5 Nxc3 7. bxc3 Bd6 8. d4 exd4 9. cxd4 0-0 10. 0-0 h6 11. c3 Bf5 12. Bd3 Qf6 13. Rb1 b6 14. Rb5 Bxd3 15. Qxd3 Rae8 16. c4 a6 17. Rb3 Re7 18. c5 bxc5 19. dxc5 Bxc5 20. Bb2 Qd6 21. Qc3 f5 22. Qc4+ Kh7 23. Rc3 Nd4 24. Qxc5 Ne2+ 25. Kh1 Nxc3 26. Qxc3 c5 27. Rc1 Rc8 28. Qc2 Qd5 29. Rd1 Qe4 30. Qc3 Rcc7 31. Ba3 Qe2 32. Rd2 Qf1+ 33. Kh2 Re4 34. Qa5 Rc6 35. Bxc5 Rc4 36. Ba3 Rg6 37. g3 f4 38. Qf5 fxg3+ 39. fxg3 Qa1 40. Ne5 1-0

[Event "EU-ch (Women) 18th"]
[Site "Riga"]
[Date "2017.04.12"]
[Round "2"]
[White "Antova, Gabriela"]
[Black "Kouvatsou, Maria"]
[Result "1-0"]
[WhiteElo "2335"]
[BlackElo "2016"]
[PlyCount "115"]
[EventDate "2017.04.11"]
[EventType "swiss"]
[EventRounds "11"]
[EventCountry "LAT"]
[SourceTitle "CBM 177 Extra"]
[Source "ChessBase"]
[SourceDate "2017.04.27"]
[SourceVersion "1"]
[SourceVersionDate "2017.04.27"]
[SourceQuality "1"]

1. d4 Nf6 2. Nf3 b5 3. e3 a6 4. Bd3 Bb7 5. 0-0 e6 6. b3 c5 7. c4 b4 8. Bb2 Be7 9. Nbd2 0-0 10. e4 cxd4 11. e5 Ne8 12. Nxd4 Nc6 13. N2f3 Qc7 14. Qe2 f5 15. exf6 Nxf6 16. h3 Qf4 17. Qd2 Qxd2 18. Nxd2 Bc5 19. N2f3 Rac8 20. Rfe1 Nxd4 21. Nxd4 Nh5 22. Be4 Bxe4 23. Rxe4 Nf4 24. Rd1 Rf7 25. Rd2 Rcf8 26. Kh2 d6 27. f3 e5 28. Ne2 a5 29. Nxf4 Rxf4 30. Rxf4 Rxf4 31. Rd5 e4 32. Kg3 Rf7 33. fxe4 a4 34. Bd4 axb3 35. axb3 Rf1 36. Bxc5 dxc5 37. Rd3 Rc1 38. Kf4 Kf7 39. Ke5 Rc3 40. Rf3+ Ke7 41. Kd5 Rc2 42. Rg3 g6 43. Kxc5 Rc3 44. Rf3 Rc2 45. Kxb4 Rxg2 46. Kc5 h5 47. b4 h4 48. Rf4 g5 49. Rf5 Ke6 50. b5 g4 51. hxg4 Rxg4 52. Kd4 h3 53. Rh5 Rg3 54. b6 Kd7 55. Rh6 Kc8 56. Rh7 Kb8 57. c5 Kc8 58. c6 1-0

[Event "GRE-ch (Women) 39th"]
[Site "Athens"]
[Date "2017.03.13"]
[Round "3"]
[White "Serefidou, Despina"]
[Black "Kouvatsou, Maria"]
[Result "1-0"]
[WhiteElo "1933"]
[BlackElo "2071"]
[PlyCount "97"]
[EventDate "2017.03.11"]
[EventType "tourn"]
[EventRounds "9"]
[EventCountry "GRE"]
[SourceTitle "EXT 2024"]
[Source "ChessBase"]
[SourceDate "2023.10.10"]
[SourceVersion "1"]
[SourceVersionDate "2023.10.10"]
[SourceQuality "1"]

1. e4 e5 2. Nf3 Nc6 3. Nc3 g6 4. d4 exd4 5. Nxd4 Bg7 6. Be3 Nf6 7. Be2 0-0 8. Qd2 Re8 9. Nxc6 bxc6 10. Bg5 Qe7 11. f3 Rb8 12. Rb1 d5 13. 0-0 Qb4 14. a3 Qd6 15. Bf4 Qd7 16. Rfd1 Bb7 17. Bf1 Qe7 18. Re1 Qd8 19. Bg5 dxe4 20. Qxd8 Rbxd8 21. Nxe4 Nxe4 22. Rxe4 Rxe4 23. Bxd8 Rd4 24. Bxc7 Rd2 25. Bd3 Bd4+ 26. Kh1 c5 27. Bg3 c4 28. Be1 Rxd3 29. cxd3 cxd3 30. Rd1 Ba6 31. Bd2 Bxb2 32. a4 Kg7 33. Kg1 Bd4+ 34. Kf1 Kf6 35. Ke1 Ke5 36. Rc1 Kd6 37. Bf4+ Ke6 38. Kd2 Bb6 39. Bc7 Bd4 40. Rc6+ Kd7 41. Rxa6 Kxc7 42. Kxd3 Bb6 43. Kc4 Kb7 44. Kb5 f6 45. a5 Bd8 46. Re6 h5 47. a6+ Kc7 48. Re8 g5 49. Rh8 1-0

[Event "Olympiad Women-42"]
[Site "Baku"]
[Date "2016.09.13"]
[Round "11.4"]
[White "Hauksdottir, Hrund"]
[Black "Kouvatsou, Maria"]
[Result "1/2-1/2"]
[WhiteElo "1793"]
[BlackElo "2085"]
[PlyCount "111"]
[EventDate "2016.09.02"]
[EventType "team-swiss"]
[EventRounds "11"]
[EventCountry "AZE"]
[SourceTitle "CBM 174 Extra"]
[Source "ChessBase"]
[SourceDate "2016.10.10"]
[SourceVersion "1"]
[SourceVersionDate "2016.10.10"]
[SourceQuality "1"]
[WhiteTeam "Iceland (W)"]
[BlackTeam "Greece (W)"]
[WhiteTeamCountry "ISL"]
[BlackTeamCountry "GRE"]

1. e4 e5 2. Nf3 Nf6 3. Nxe5 d6 4. Nf3 Nxe4 5. Nc3 Nxc3 6. dxc3 Be7 7. Be3 Nc6 8. Qd2 Be6 9. 0-0-0 Qd7 10. Kb1 a6 11. Be2 Ne5 12. h3 h6 13. Nd4 Nc4 14. Bxc4 Bxc4 15. g4 Be6 16. Rhe1 0-0-0 17. Nxe6 fxe6 18. Qd4 Bf6 19. Qc4 Rhe8 20. Bf4 Qb5 21. Qxb5 axb5 22. Re2 Bh4 23. Bg3 Bxg3 24. fxg3 Kd7 25. Rf1 Rf8 26. Ref2 Rxf2 27. Rxf2 Ke7 28. Kc1 Ra8 29. a3 c5 30. Kd2 g5 31. h4 Ra4 32. hxg5 hxg5 33. Rh2 Rxg4 34. Rh7+ Kf6 35. Rxb7 Rxg3 36. Rxb5 Rg1 37. a4 Ra1 38. b3 Ke5 39. Rb8 g4 40. Rf8 g3 41. Rg8 Kf4 42. Ke2 Rc1 43. Kd2 Rg1 44. Ke2 Rc1 45. Kd2 Ra1 46. Ke2 d5 47. Rg7 Rc1 48. Kd2 Rg1 49. a5 Ra1 50. b4 cxb4 51. cxb4 Kf3 52. Rf7+ Ke4 53. Rg7 Kf3 54. Rf7+ Kg2 55. Rf6 Kh2 56. Rh6+ 1/2-1/2

[Event "Olympiad Women-42"]
[Site "Baku"]
[Date "2016.09.09"]
[Round "7.4"]
[White "Hallaeva, Bahar"]
[Black "Kouvatsou, Maria"]
[Result "1-0"]
[WhiteElo "2103"]
[BlackElo "2085"]
[PlyCount "111"]
[EventDate "2016.09.02"]
[EventType "team-swiss"]
[EventRounds "11"]
[EventCountry "AZE"]
[SourceTitle "CBM 174 Extra"]
[Source "ChessBase"]
[SourceDate "2016.10.10"]
[SourceVersion "1"]
[SourceVersionDate "2016.10.10"]
[SourceQuality "1"]
[WhiteTeam "Turkmenistan (W)"]
[BlackTeam "Greece (W)"]
[WhiteTeamCountry "TKM"]
[BlackTeamCountry "GRE"]

1. e4 e5 2. Nf3 Nf6 3. Nxe5 d6 4. Nf3 Nxe4 5. Nc3 Nf6 6. d4 Be7 7. Bd3 0-0 8. h3 Re8 9. 0-0 Nbd7 10. Re1 Nf8 11. Bf4 Ng6 12. Bh2 c6 13. Ne4 Be6 14. Neg5 Bd7 15. Qd2 b5 16. Re2 Bf8 17. Rae1 Rxe2 18. Rxe2 Qc8 19. Ne4 Nxe4 20. Bxe4 Bf5 21. Qd3 Bxe4 22. Qxe4 Qd7 23. d5 c5 24. g4 Rd8 25. Bg3 Qb7 26. c3 h6 27. Nh4 Ne7 28. Nf5 Nc8 29. Bh4 g5 30. Bg3 Nb6 31. Rd2 Qd7 32. Re2 Qb7 33. Ne3 Qa8 34. Qf5 Re8 35. Rd2 Qd8 36. Qf3 Qe7 37. Kg2 Nc4 38. Nf5 Qe4 39. Qxe4 Rxe4 40. Rc2 Re1 41. b3 Na3 42. Rb2 Rd1 43. Re2 Bg7 44. Bxd6 Bxc3 45. Bxc5 b4 46. Bxa7 Nb5 47. Bc5 Nc7 48. d6 Ne6 49. Be3 Kh7 50. Kf3 Rd5 51. Rc2 Rd1 52. Rc1 Rd5 53. Ke2 Ra5 54. Rd1 Rxa2+ 55. Kd3 Ra7 56. Bxa7 1-0

[Event "GRE-chT 44th"]
[Site "Achaia"]
[Date "2016.07.05"]
[Round "1.9"]
[White "Seretaki, Konstantina"]
[Black "Kouvatsou, Maria"]
[Result "0-1"]
[WhiteElo "1609"]
[BlackElo "2078"]
[PlyCount "128"]
[EventDate "2016.07.05"]
[EventType "team-swiss"]
[EventRounds "7"]
[EventCountry "GRE"]
[SourceTitle "CBM 173 Extra"]
[Source "ChessBase"]
[SourceDate "2016.08.29"]
[SourceVersion "1"]
[SourceVersionDate "2016.08.29"]
[SourceQuality "1"]
[WhiteTeam "New Filadelfeias"]
[BlackTeam "Chania Kydon"]
[WhiteTeamCountry "GRE"]
[BlackTeamCountry "GRE"]

1. e4 e5 2. Nf3 Nf6 3. d4 Nxe4 4. Bd3 d5 5. Nxe5 Nd7 6. Nxd7 Bxd7 7. Qe2 Qh4 8. Bxe4 dxe4 9. Nc3 Bb4 10. 0-0 Bxc3 11. bxc3 0-0 12. c4 Rad8 13. Bb2 f5 14. f4 c6 15. a4 Be6 16. Rf2 Rd7 17. Re1 Qe7 18. c3 b6 19. Ra1 Qf7 20. Qe3 Bxc4 21. Ba3 Rfd8 22. Bb2 Qd5 23. h3 Qa5 24. Kh2 Bd3 25. g4 c5 26. gxf5 cxd4 27. cxd4 Qxf5 28. d5 Qxd5 29. Rg1 Rc8 30. Be5 Rc2 31. Rxc2 Bxc2 32. Rxg7+ Rxg7 33. Bxg7 Kxg7 34. Qc3+ Kh6 35. Qxc2 e3 36. Kg3 Qe6 37. Qe2 Qe4 38. Qg4 Qd5 39. Qe2 Qe4 40. Qg4 Qe7 41. Qe2 Kg6 42. Qd3+ Kf6 43. Qc3+ Kf5 44. Qd3+ Qe4 45. Qd7+ Kf6 46. Qd6+ Qe6 47. Qd8+ Kg7 48. Qc7+ Kh6 49. Qd8 Kg7 50. Qc7+ Kh8 51. Qb8+ Qg8+ 52. Qxg8+ Kxg8 53. Kf3 Kf7 54. Kxe3 Ke6 55. Ke4 h5 56. f5+ Kf6 57. h4 a6 58. Kf4 b5 59. axb5 axb5 60. Ke4 b4 61. Kd4 Kxf5 62. Kc4 Kg4 63. Kxb4 Kxh4 64. Kc3 Kg3 0-1

[Event "GRE-chT 43rd"]
[Site "Porto Rio"]
[Date "2015.10.11"]
[Round "6.10"]
[White "Kouvatsou, Maria"]
[Black "Vatkali, Dimitra"]
[Result "0-1"]
[WhiteElo "2121"]
[BlackElo "1993"]
[PlyCount "80"]
[EventDate "2015.10.08"]
[EventType "team-swiss"]
[EventRounds "7"]
[EventCountry "GRE"]
[SourceTitle "CBM 168 Extra"]
[Source "ChessBase"]
[SourceDate "2015.10.29"]
[SourceVersion "1"]
[SourceVersionDate "2015.10.29"]
[SourceQuality "1"]
[WhiteTeam "Chania Kydon"]
[BlackTeam "Kavalas OFS"]
[WhiteTeamCountry "GRE"]
[BlackTeamCountry "GRE"]

1. e4 c6 2. d4 d5 3. exd5 cxd5 4. c4 Nf6 5. Nc3 g6 6. Qb3 Bg7 7. cxd5 0-0 8. Be2 Na6 9. Bf4 Qb6 10. Qxb6 axb6 11. d6 e6 12. Rd1 Nd5 13. Nxd5 exd5 14. Bb5 Rd8 15. Nf3 Bf8 16. 0-0 Bxd6 17. Bxd6 Rxd6 18. Rc1 Bd7 19. a4 f6 20. h3 Bc6 21. Rfe1 Kf7 22. Bxa6 Rxa6 23. b3 b5 24. axb5 Bxb5 25. Rc5 Bc6 26. b4 Rb6 27. Rb1 Rb5 28. Nd2 Re6 29. Kf1 Re8 30. Rb2 Ra8 31. Nb1 Rxc5 32. dxc5 Bb5+ 33. Ke1 d4 34. f3 Ke6 35. Nd2 Ra1+ 36. Kf2 f5 37. f4 Kd5 38. Nb3 Rf1+ 39. Kg3 d3 40. Na5 Kd4 0-1

[Event "GRE-ch (Women) 38th"]
[Site "Hydra"]
[Date "2015.04.28"]
[Round "8"]
[White "Stefanidi, Maria Anna"]
[Black "Kouvatsou, Maria"]
[Result "0-1"]
[WhiteElo "1997"]
[BlackElo "2095"]
[PlyCount "68"]
[EventDate "2015.04.21"]
[EventType "tourn"]
[EventRounds "9"]
[EventCountry "GRE"]
[SourceTitle "CBM 166 Extra"]
[Source "ChessBase"]
[SourceDate "2015.06.18"]
[SourceVersion "1"]
[SourceVersionDate "2015.06.18"]
[SourceQuality "1"]

1. e4 d6 2. d4 Nf6 3. Bd3 e5 4. c3 Nc6 5. Ne2 g6 6. 0-0 Bg7 7. b4 a6 8. f4 0-0 9. fxe5 dxe5 10. d5 Ne7 11. Ng3 Ne8 12. c4 h6 13. Bb2 c6 14. Qb3 Kh7 15. Nc3 f5 16. exf5 Nxf5 17. Nge4 Nd4 18. Qd1 Rxf1+ 19. Qxf1 Bf5 20. Nc5 b6 21. Nb3 Qg5 22. Bxf5 gxf5 23. Nxd4 exd4 24. Na4 b5 25. Nb6 Rb8 26. Nd7 Rc8 27. dxc6 Rxc6 28. c5 Nc7 29. Qf2 Rg6 30. Kh1 Nd5 31. Rf1 Nxb4 32. Bc1 Qg4 33. h3 Qe4 34. Re1 Nd3 0-1

[Event "GRE-ch (Women) 38th"]
[Site "Hydra"]
[Date "2015.04.25"]
[Round "5"]
[White "Tsolakidou, Stavroula"]
[Black "Kouvatsou, Maria"]
[Result "1/2-1/2"]
[WhiteElo "2285"]
[BlackElo "2095"]
[PlyCount "84"]
[EventDate "2015.04.21"]
[EventType "tourn"]
[EventRounds "9"]
[EventCountry "GRE"]
[SourceTitle "CBM 166 Extra"]
[Source "ChessBase"]
[SourceDate "2015.06.18"]
[SourceVersion "1"]
[SourceVersionDate "2015.06.18"]
[SourceQuality "1"]

1. e4 e5 2. Nf3 Nf6 3. Nxe5 d6 4. Nf3 Nxe4 5. Nc3 Nf6 6. d4 Be7 7. d5 0-0 8. Be2 Nbd7 9. 0-0 c6 10. dxc6 bxc6 11. Nd4 Bb7 12. Re1 Re8 13. Nf5 d5 14. Qd3 Qb8 15. Bg5 Bd6 16. Qh3 Bf4 17. Qh4 Bxg5 18. Qxg5 g6 19. Bd3 Qc7 20. Re3 Rxe3 21. fxe3 Qe5 22. Rf1 Re8 23. Rf3 Bc8 24. Ne2 Nc5 25. Neg3 Nxd3 26. cxd3 c5 27. d4 cxd4 28. exd4 Qe1+ 29. Rf1 Qe6 30. Nh6+ Kg7 31. Rxf6 Qe3+ 32. Qxe3 Rxe3 33. Rc6 Be6 34. Nxf7 Bxf7 35. Rc7 Rd3 36. Ne2 Rd2 37. Nf4 Kf6 38. Rxa7 Rxd4 39. g3 Rd1+ 40. Kf2 Rd2+ 41. Ke3 Rxb2 42. Ne2 d4+ 1/2-1/2

[Event "GRE-ch (Women) 38th"]
[Site "Hydra"]
[Date "2015.04.23"]
[Round "3"]
[White "Grapsa, Georgia"]
[Black "Kouvatsou, Maria"]
[Result "0-1"]
[WhiteElo "2044"]
[BlackElo "2095"]
[PlyCount "94"]
[EventDate "2015.04.21"]
[EventType "tourn"]
[EventRounds "9"]
[EventCountry "GRE"]
[SourceTitle "CBM 166 Extra"]
[Source "ChessBase"]
[SourceDate "2015.06.18"]
[SourceVersion "1"]
[SourceVersionDate "2015.06.18"]
[SourceQuality "1"]

1. d4 Nf6 2. Nf3 g6 3. g3 Bg7 4. Bg2 0-0 5. c4 d6 6. 0-0 Nc6 7. Nc3 a6 8. h3 Bd7 9. e4 e5 10. dxe5 Nxe5 11. Nxe5 dxe5 12. Bg5 h6 13. Be3 Be6 14. Nd5 c6 15. Bb6 Qd7 16. Nxf6+ Bxf6 17. Qxd7 Bxd7 18. b4 Be6 19. Rac1 Be7 20. a3 a5 21. Bxa5 Bd8 22. Bxd8 Rfxd8 23. Rc3 Rd2 24. Ra1 Rb2 25. Rd1 Ra2 26. Rdd3 Ra1+ 27. Kh2 Ra2 28. f4 b5 29. cxb5 cxb5 30. Rf3 Bc4 31. fxe5 Rd8 32. Rc1 Rdd2 33. Rg1 Bd3 34. g4 Bxe4 35. Rg3 g5 36. Kh1 Kg7 37. Kh2 Kf8 38. Kh1 Ke7 39. Kh2 Ke6 40. Kh1 Re2 41. Kh2 Rf2 42. Kh1 Rab2 43. Kh2 Rbe2 44. Kh1 Kxe5 45. Kh2 Kf4 46. Kh1 Kxg3 47. Bxe4+ Kxh3 0-1

[Event "Isthmia op 4th"]
[Site "Vrachati"]
[Date "2014.08.23"]
[Round "7"]
[White "Dimitrov, Atanas Valtchev"]
[Black "Kouvatsou, Maria"]
[Result "1-0"]
[WhiteElo "2324"]
[BlackElo "2100"]
[PlyCount "91"]
[EventDate "2014.08.18"]
[EventType "swiss"]
[EventRounds "9"]
[EventCountry "GRE"]
[SourceTitle "CBM 161 Extra"]
[Source "ChessBase"]
[SourceDate "2014.08.29"]
[SourceVersion "1"]
[SourceVersionDate "2014.08.29"]
[SourceQuality "1"]

1. d4 Nf6 2. c4 g6 3. Nc3 Bg7 4. e4 d6 5. Nge2 0-0 6. Ng3 e5 7. d5 c6 8. h4 Qb6 9. Be2 Qd4 10. Qb3 Qb6 11. Be3 Qxb3 12. axb3 Na6 13. 0-0 c5 14. Nb5 Ne8 15. Bd2 Bd7 16. h5 f5 17. hxg6 hxg6 18. f3 f4 19. Nh1 Bf6 20. g3 fxg3 21. Nxg3 Bh4 22. Kg2 Bxb5 23. cxb5 Nb4 24. Rfc1 a5 25. bxa6 Nxa6 26. Bh6 Rf7 27. Be3 Nf6 28. Rh1 Bxg3 29. Kxg3 Nh5+ 30. Kf2 Nf4 31. Rh6 Rg7 32. Bxf4 exf4 33. Rg1 Kf7 34. Rg4 Nb4 35. Rxf4+ Ke7 36. Rg4 Kf6 37. f4 Ra2 38. f5 Rxb2 39. Rhxg6+ Rxg6 40. fxg6 Nd3+ 41. Kf1 Rb1+ 42. Kg2 Rb2 43. g7 Rxe2+ 44. Kf3 Rf2+ 45. Ke3 Ne5 46. g8Q 1-0

[Event "Isthmia op 4th"]
[Site "Vrachati"]
[Date "2014.08.19"]
[Round "2"]
[White "Kouvatsou, Maria"]
[Black "Sandalakis, Angelos"]
[Result "0-1"]
[WhiteElo "2100"]
[BlackElo "2406"]
[PlyCount "72"]
[EventDate "2014.08.18"]
[EventType "swiss"]
[EventRounds "9"]
[EventCountry "GRE"]
[SourceTitle "CBM 161 Extra"]
[Source "ChessBase"]
[SourceDate "2014.08.29"]
[SourceVersion "1"]
[SourceVersionDate "2014.08.29"]
[SourceQuality "1"]

1. e4 e6 2. d4 d5 3. exd5 exd5 4. c4 Nf6 5. Nc3 Be7 6. cxd5 Nxd5 7. Bd3 Nc6 8. Nge2 0-0 9. 0-0 Be6 10. Re1 Re8 11. a3 Bf8 12. Ne4 Bf5 13. f3 Bg6 14. Bg5 Be7 15. Bxe7 Rxe7 16. Qd2 Nb6 17. Bc2 Nc4 18. Qc3 Nd6 19. d5 Nxe4 20. Bxe4 Bxe4 21. fxe4 Ne5 22. Nd4 g6 23. Rad1 Qd6 24. Qg3 Kh8 25. Kh1 Rae8 26. Nb5 Qb6 27. d6 cxd6 28. Nxd6 Rf8 29. Rd5 f6 30. b3 Qa6 31. Nb5 Rd7 32. Red1 Qxb5 33. Rxd7 Nxd7 34. Qd6 Rf7 35. Qe6 Kg7 36. h3 Nf8 0-1

[Event "EU-ch (Women) 15th"]
[Site "Plovdiv"]
[Date "2014.07.17"]
[Round "11"]
[White "Soyunlu, Narmin Asat Qizi"]
[Black "Kouvatsou, Maria"]
[Result "0-1"]
[WhiteElo "1936"]
[BlackElo "2152"]
[PlyCount "60"]
[EventDate "2014.07.06"]
[EventType "swiss"]
[EventRounds "11"]
[EventCountry "BUL"]
[SourceTitle "CBM 162"]
[Source "ChessBase"]
[SourceDate "2014.09.17"]
[SourceVersion "1"]
[SourceVersionDate "2014.09.17"]
[SourceQuality "1"]

1. c4 Nf6 2. g3 g6 3. Bg2 Bg7 4. Nc3 0-0 5. e4 d6 6. Nge2 c5 7. d3 Nc6 8. h3 a6 9. a3 Bd7 10. Be3 Ne8 11. 0-0 Nc7 12. d4 cxd4 13. Nxd4 Ne6 14. Nde2 Na5 15. b3 b5 16. cxb5 Bxb5 17. Nxb5 axb5 18. Rc1 Rc8 19. Qd3 Nc5 20. Bxc5 dxc5 21. Qxb5 Rb8 22. Qa4 Nxb3 23. Rfd1 Nxc1 24. Rxd8 Nxe2+ 25. Kf1 Rfxd8 26. Kxe2 Rb2+ 27. Ke1 Bc3+ 28. Kf1 Rdd2 29. Kg1 Rxf2 30. Bf1 Bd4 0-1

[Event "EU-ch (Women) 15th"]
[Site "Plovdiv"]
[Date "2014.07.14"]
[Round "8"]
[White "Kouvatsou, Maria"]
[Black "Salimova, Nurgyul"]
[Result "0-1"]
[WhiteElo "2152"]
[BlackElo "1908"]
[PlyCount "88"]
[EventDate "2014.07.06"]
[EventType "swiss"]
[EventRounds "11"]
[EventCountry "BUL"]
[SourceTitle "CBM 162"]
[Source "ChessBase"]
[SourceDate "2014.09.17"]
[SourceVersion "1"]
[SourceVersionDate "2014.09.17"]
[SourceQuality "1"]

1. e4 c6 2. d4 d5 3. exd5 cxd5 4. c4 Nf6 5. Nc3 g6 6. cxd5 Bg7 7. Bc4 0-0 8. Nge2 Nbd7 9. 0-0 Nb6 10. Bb3 Nfxd5 11. Re1 a5 12. a4 Nb4 13. d5 Bf5 14. Ng3 Bd3 15. Bg5 Re8 16. Nge4 h6 17. Bh4 g5 18. Bg3 Nc4 19. Bxc4 Bxc4 20. d6 exd6 21. Nxd6 Rxe1+ 22. Qxe1 Nc2 23. Qe4 Nxa1 24. Qxc4 Qe7 25. h3 Qe6 26. Qc7 f5 27. Qxb7 Rf8 28. Nxf5 Rxf5 29. Ne4 Qd5 30. Qe7 Rf7 31. Qe8+ Rf8 32. Qe7 Qd8 33. Qe6+ Kh7 34. Bd6 Qc8 35. Qe7 Qf5 36. Bg3 Rf7 37. Qe8 Rf8 38. Qc6 Be5 39. Bxe5 Qxe5 40. Qd7+ Qg7 41. Qd3 Kh8 42. Nd6 Qf6 43. Ne4 Qxb2 44. Qd6 Qc1+ 0-1

[Event "EU-ch (Women) 15th"]
[Site "Plovdiv"]
[Date "2014.07.12"]
[Round "7"]
[White "Mammadova, Narmin Fazahir Qizi"]
[Black "Kouvatsou, Maria"]
[Result "1-0"]
[WhiteElo "2019"]
[BlackElo "2152"]
[PlyCount "125"]
[EventDate "2014.07.06"]
[EventType "swiss"]
[EventRounds "11"]
[EventCountry "BUL"]
[SourceTitle "CBM 162"]
[Source "ChessBase"]
[SourceDate "2014.09.17"]
[SourceVersion "1"]
[SourceVersionDate "2014.09.17"]
[SourceQuality "1"]

1. e4 g6 2. d4 d6 3. Nf3 Bg7 4. Bc4 e6 5. Nc3 Nd7 6. 0-0 Ne7 7. Be3 c6 8. d5 cxd5 9. exd5 e5 10. Ng5 0-0 11. Nge4 Qc7 12. Bb3 a6 13. Qc1 Nf5 14. Bg5 f6 15. Bd2 Kh8 16. a3 Nd4 17. Ba2 b5 18. Kh1 Nc5 19. Nxc5 dxc5 20. Ne4 Bd7 21. c4 Rac8 22. b4 cxb4 23. Bxb4 Rfd8 24. Qd2 bxc4 25. Ba5 c3 26. Bxc7 cxd2 27. Bxd8 Nc2 28. Rad1 Rxd8 29. Rxd2 Nxa3 30. d6 Nb5 31. Nc5 Nd4 32. Rb1 Bb5 33. d7 Bh6 34. Rdb2 Bf4 35. Bc4 f5 36. Bxb5 axb5 37. Ra1 e4 38. Rd1 Be5 39. Rbd2 Ra8 40. Nb7 Bf6 41. Rxd4 Bxd4 42. d8Q+ Rxd8 43. Nxd8 Bxf2 44. Nf7+ Kg7 45. Ng5 b4 46. Nh3 Be3 47. Rb1 Bd2 48. Kg1 Kf6 49. Kf2 g5 50. Ke2 Bc3 51. Nf2 Be5 52. Rxb4 Bxh2 53. Rb6+ Kg7 54. g4 fxg4 55. Nxg4 Bg1 56. Rb1 Bc5 57. Rb5 Be7 58. Rb7 Kf7 59. Ke3 h5 60. Nh6+ Ke6 61. Kxe4 h4 62. Rb6+ Kd7 63. Kf3 1-0

[Event "EU-ch (Women) 15th"]
[Site "Plovdiv"]
[Date "2014.07.09"]
[Round "4"]
[White "Ozturk Orenli, Kubra"]
[Black "Kouvatsou, Maria"]
[Result "1/2-1/2"]
[WhiteElo "2311"]
[BlackElo "2152"]
[PlyCount "54"]
[EventDate "2014.07.06"]
[EventType "swiss"]
[EventRounds "11"]
[EventCountry "BUL"]
[SourceTitle "CBM 162"]
[Source "ChessBase"]
[SourceDate "2014.09.17"]
[SourceVersion "1"]
[SourceVersionDate "2014.09.17"]
[SourceQuality "1"]

1. Nf3 Nf6 2. c4 g6 3. d4 Bg7 4. g3 0-0 5. Bg2 d6 6. 0-0 Nc6 7. Nc3 a6 8. h3 Bd7 9. Be3 e5 10. Qd2 Re8 11. Rfd1 Qc8 12. Kh2 Bf5 13. dxe5 dxe5 14. Nh4 Be6 15. Nd5 Nd4 16. Bg5 Bxd5 17. cxd5 e4 18. Be3 Nb5 19. Rac1 Qd7 20. a4 Nd6 21. Bd4 Re7 22. b3 Rd8 23. Qb2 Nde8 24. Qa3 Nd6 25. Qb2 Nde8 26. Qa3 Nd6 27. Qb2 Nde8 1/2-1/2